Music Quiz

Random Music or Artist Quiz

Find the Rock and Roll Hall of Fame Inductees (1980s) Quiz Stats

 Plays Quiz Updated Nov 15, 2018

Support Sporcle.
Go Orange.
Score 0/20 Timer 04:00
0 Plays Today
% Correct
The Rolling Stones (1989)
96.4%
Aretha Franklin (1987)
96.4%
Elvis Presley (1986)
96.2%
The Beatles (1988)
95.4%
Bob Dylan (1988)
95.3%
The Beach Boys (1988)
95.2%
The Supremes (1988)
94.7%
Ray Charles (1986)
93.9%
Buddy Holly (1986)
91.7%
Stevie Wonder (1989)
91.6%
% Correct
The Temptations (1989)
90.9%
James Brown (1986)
90.8%
Roy Orbison (1987)
89.5%
B.B. King (1987)
89.2%
Chuck Berry (1986)
87.8%
Little Richard (1986)
85.4%
Bill Haley (1987)
84.3%
Jerry Lee Lewis (1986)
83%
Otis Redding (1989)
81.8%
Marvin Gaye (1987)
81.6%

You're not logged in!

Compare scores with friends on all Sporcle quizzes.
OR
Log In
Forgot?

From the Vault

8 Scenes, 1 Movie! XI

by BigAl1994

Movies 10m
We've never tried watching 8 scenes at once, but we imagine it might be hard to follow.
Remove Ads.
Support Sporcle.
Get the best of Sporcle when you Go Orange. This ad-free experience offers more features, more stats, and more fun while also helping to support Sporcle. Thank you for becoming a member.

Show Comments

Extras

Top Quizzes Today


Score Distribution

Your Account Isn't Verified!

In order to create a playlist on Sporcle, you need to verify the email address you used during registration. Go to your Sporcle Settings to finish the process.

Report this User

Report this user for behavior that violates our Community Guidelines.

Details: